| 000 | 01069cab a22002055a 4500 | ||
|---|---|---|---|
| 001 | L151143 | ||
| 008 | 101004e2010 xxk 000 0 eng d | ||
| 035 | _a(Sirsi) u151143 | ||
| 041 | 0 | _aeng | |
| 110 | 2 |
_aProperty Week _91549 |
|
| 245 | 0 | 0 | _aPut your money on private-rented housing |
| 260 | _c2010 | ||
| 490 | 0 |
_aProperty Week _v76(38) 24 September 2010, 38(1) |
|
| 520 | _aSavills' 2010 Sentiment Survey has found property investment funding to be scarce but residential investment will be able to attract more money. However prospects for capital growth over the next 12 months will remain negative except in London. Demand for rented housing and investment in it is an upward trend. The acquisition of distressed housing portfolios will be priority and the construction of houses rather than flats is seen as the market direction. | ||
| 590 | _aKA | ||
| 651 | 4 |
_aUnited Kingdom _y |
|
| 690 | _aPROPERTY-RESIDENTIAL PROPERTY-RESIDENTIAL PROPERTY MARKET | ||
| 690 | _aPROPERTY-RESIDENTIAL PROPERTY-RESIDENTIAL PROPERTY FINANCE AND INVESTMENT | ||
| 942 | _n0 | ||
| 999 |
_c82712 _d82712 |
||